00645 2200217 4500001002100000005001500021035002000036007000300056008004100059020002200100082001000122084001600132100002300148245011000171250002100281260004500302300004200347650001400389990001200403990001200415INLIS00000000000283120220208093857 a0010-0119000183ta220208 g 0 ind  a978-602-03-7640-0 a613.7 a613.7 IRM r0 aIRMANSYAH, Effendi1 aRahasia Berjalan Alami (RBA) :bAktifkan Kemampuan Penyembuhan Luar Biasa Tubuh Anda /cIrmansyah Effendi aed.Revisi, cet.2 aJakarta :bGramedia Pustaka Utama,c2017 axlix, 3pppp00 hlm. :bilus. ;c20 cm. 4aKESEHATAN a16955 a a16955 b